<?xml version="1.0" encoding="UTF-8"?><?xml-stylesheet type="text/xsl" href="static/style.xsl"?><OAI-PMH xmlns="http://www.openarchives.org/OAI/2.0/" xmlns:xsi="http://www.w3.org/2001/XMLSchema-instance" xsi:schemaLocation="http://www.openarchives.org/OAI/2.0/ http://www.openarchives.org/OAI/2.0/OAI-PMH.xsd"><responseDate>2026-04-14T07:35:36Z</responseDate><request verb="GetRecord" identifier="oai:www.recercat.cat:2099.1/19820" metadataPrefix="marc">https://recercat.cat/oai/request</request><GetRecord><record><header><identifier>oai:recercat.cat:2099.1/19820</identifier><datestamp>2025-07-22T18:51:11Z</datestamp><setSpec>com_2072_1033</setSpec><setSpec>col_2072_452951</setSpec></header><metadata><record xmlns="http://www.loc.gov/MARC21/slim" xmlns:dcterms="http://purl.org/dc/terms/" xmlns:xsi="http://www.w3.org/2001/XMLSchema-instance" xmlns:doc="http://www.lyncode.com/xoai" xsi:schemaLocation="http://www.loc.gov/MARC21/slim http://www.loc.gov/standards/marcxml/schema/MARC21slim.xsd">
   <leader>00925njm 22002777a 4500</leader>
   <datafield ind2=" " ind1=" " tag="042">
      <subfield code="a">dc</subfield>
   </datafield>
   <datafield ind2=" " ind1=" " tag="720">
      <subfield code="a">Jiménez Del Amo, Edgar</subfield>
      <subfield code="e">author</subfield>
   </datafield>
   <datafield ind2=" " ind1=" " tag="260">
      <subfield code="c">2013-07-18</subfield>
   </datafield>
   <datafield ind2=" " ind1=" " tag="520">
      <subfield code="a">Este trabajo de final de grado tiene la intención de promover la rehabilitación energética de los centros&#xd;
docentes. Esto se consigue gracias a la limitación de la demanda energética de los edificios, cuantificar&#xd;
los aparatos de consumo, un mejor aprovechamiento de los recursos energéticos, calificando los&#xd;
sistemas de calefacción e iluminación gracias a herramientas informáticas y proponiendo unas líneas de&#xd;
actuación para mejorar la eficiencia energética del edificio.&#xd;
El edificio que ha sido objeto de este estudio es el CEIP General Prim que está situado en la calle Bernat&#xd;
Metge de Barcelona en el distrito de San Martín. El edificio se construyó en el año 1973 con diversas&#xd;
reformas a lo largo de sus cuarenta años. Este tipo de edifico es un ejemplo del malgasto energético que&#xd;
se lleva a cabo, tanto por la tipología constructiva y los sistemas de instalación como de la gestión que&#xd;
se hace.&#xd;
Es por ello que se hace un prediagnóstico para comprender el edificio y una obtención de datos a fin de&#xd;
llevar a término una buena evaluación del edificio. Con esto se pueden destacar las disconformidades&#xd;
que perjudican tanto en la demanda energética del edificio como del consumo que se produce. Por lo&#xd;
tanto se hacen unas propuestas, agrupadas en líneas de actuación, con el fin de mejorar la eficiencia&#xd;
energética del edificio.&#xd;
Por lo tanto lo que se pretende con este estudio es mejorar el ahorro energético en los edificios,&#xd;
reduciendo las emisiones de CO2, lo que supone también un ahorro económico.&#xd;
En resumen, este trabajo se fundamenta en:&#xd;
- Un estudio del edificio que se centre tanto en la tipología constructiva, como sus sistemas de&#xd;
calefacción e iluminación, actualizando la información conseguida.&#xd;
- Analizar el uso y la gestión de las instalaciones de consumo y la demanda de energía.&#xd;
- Saber las disconformidades del edificio a través de las diferentes líneas de actuación.&#xd;
- Proponer las intervenciones para mejorar la eficiencia energética del edificio, y conseguir un&#xd;
mejor confort para los usuarios.</subfield>
   </datafield>
   <datafield tag="653" ind2=" " ind1=" ">
      <subfield code="a">Àrees temàtiques de la UPC::Energies::Eficiència energètica</subfield>
   </datafield>
   <datafield tag="653" ind2=" " ind1=" ">
      <subfield code="a">Àrees temàtiques de la UPC::Energies::Gestió de l'energia</subfield>
   </datafield>
   <datafield tag="653" ind2=" " ind1=" ">
      <subfield code="a">Àrees temàtiques de la UPC::Edificació::Instal·lacions i acondicionament d'edificis</subfield>
   </datafield>
   <datafield tag="653" ind2=" " ind1=" ">
      <subfield code="a">Energy conservation</subfield>
   </datafield>
   <datafield tag="653" ind2=" " ind1=" ">
      <subfield code="a">Building fittings</subfield>
   </datafield>
   <datafield tag="653" ind2=" " ind1=" ">
      <subfield code="a">Energia -- Estalvi</subfield>
   </datafield>
   <datafield tag="653" ind2=" " ind1=" ">
      <subfield code="a">Edificis -- Instal·lacions</subfield>
   </datafield>
   <datafield tag="653" ind2=" " ind1=" ">
      <subfield code="a">Escoles públiques -- Catalunya --  Barcelona</subfield>
   </datafield>
   <datafield ind2="0" ind1="0" tag="245">
      <subfield code="a">Rehabilitación energética en el CEIP General Prim con estudio energético</subfield>
   </datafield>
</record></metadata></record></GetRecord></OAI-PMH>